000 01480nam a2200385 i 4500
003 CO-BoRNBP
005 20230505151706.0
007 ta
008 211028s2021 ck a ||br ||| 00| fdspa d
020 _a9789585675056
040 _aCO-BoRNBP
_bspa
_erda
_cCO-BoRNBP
041 0 _aspa
043 _ae-sp---
084 _aN GIS1
100 1 _aGisbert, Joan Manuel
_d1949-
_eautor
_91760
245 1 0 _aNoa, la joven fantasma
_cJoan Manuel Gisbert ; ilustraciones Sonja Wimmer
250 _aEdición especial
264 1 _aBogotá, Colombia
_bInternational Learning Services (ILS Colombia)
_bGrupo Editorial Luis Vives. Edelvives
_c2021
300 _a141 páginas
_bilustraciones en blanco y negro
_c20 cm
336 _atexto
_btxt
_2rdacontent
337 _asin mediación
_bn
_2rdamedia
338 _avolumen
_bnc
_2rdacarrier
490 0 _aPlan Nacional de Lectura y Escritura Leer es mi Cuento / Ministerio de Cultura
490 0 _aAla Delta
521 _aRecomendado para un público infantil mayor de 9 años
545 _aIncluye datos biográficos del autor en la contracarátula
650 1 7 _aNovela infantil española
_ySiglo XX
_2LEMB
_9938
650 1 7 _aLiteratura infantil española
_ySiglo XX
_2LEMB
_9845
650 1 7 _aAutores españoles
_ySiglo XX
_2LEMB
_9846
650 1 7 _aFantasmas
_vNovela
_2LEMB
_91761
650 1 7 _aFantasía
_vNovela
_2LEMB
_91762
650 1 7 _aImaginación
_vNovela
_2LEMB
_91763
700 1 _aWimmer, Sonja
_eilustradora
_9827
942 _cBKLIT
999 _c9481
_d9481